| 000 | 00590nam a22001697a 4500 | ||
|---|---|---|---|
| 999 |
_c15259 _d15259 |
||
| 003 | OSt | ||
| 082 | _2631.75807 BEE/MO | ||
| 088 | _aT 55 | ||
| 100 |
_aBEENA THOMAS _92344 |
||
| 245 | _aMonthly water balance model for lateritic hill slope - a case study | ||
| 260 |
_aTavanur 1996 _bKelappaji College of Agricultural Engineering and Technology |
||
| 300 | _a109 | ||
| 500 | _aMonthly water balance model for lateritic hill slope - a case study | ||
| 520 | _aMonthly water balance model for lateritic hill slope - a case study | ||
| 700 |
_aEr. Noble Abraham (Guide) _92845 |
||
| 942 | _cTH | ||